Munich - Choix multiples - Statistiques

Statistiques générales
  • Ce quiz a été pris 2 445 fois
    2 360 depuis la dernière actualisation
  • Le résultat moyen est 6 sur 10
Statistiques - réponses
Question Réponse % Correct
Quelle boisson s'écoule à plus de 7 millions de litres lors des festivités de l'Oktoberfest ? Bière
98%
De quel Land allemand Munich est-elle la capitale? Bavière
96%
Comment s'appelle le stade de football du FC Bayern Munich? Allianz Arena
90%
En quelle année Munich a-t-elle acueilli les Jeux Olympiques ? 1972
74%
Qui a mené une tentative de coup d'état manquée à Munich en 1923 ? Adolf Hitler
74%
Sur quelle rivière se trouve Munich? Isar
43%
Quel réalisateur munichois est connu pour les films Aguirre, la colère de Dieu (1972) ou Nosferatu (1979) ? Werner Herzog
41%
Comment s'appelle la place principale de Munich? Marienplatz
39%
Lequel de ces monuments se trouve à Munich?
38%
Quelle figure royale assassinée est née à Munich en 1837 ? Sissi l'Impératrice
37%
Aucun quiz correspondant
Distribution des résultats
% des personnes avec chaque résultat
Percentile par nombre de réponses
Votre historique - résultats
Vous n’avez pas pris ce quiz depuis la dernière actualisation